Contribution à la mise en valeur de la plaine d'inondation du lac Toho à Kponou (S/P Athiémé, Département du Mono) (Record no. 30556)

MARC details
000 -LEADER
fixed length control field 01320 a2200313 4500
041 ## - CODE DE LANGUE
Language code of summary or abstract/overprinted title or subtitle Fr
040 ## - SOURCE DU CATALOGAGE
Original cataloging agency Doc.
041 ## - CODE DE LANGUE
Language code of summary or abstract/overprinted title or subtitle Fr
041 ## - CODE DE LANGUE
Language code of summary or abstract/overprinted title or subtitle En
100 ## - VEDETTE PRINCIPALE - NOM DE PERSONNE
Personal name SOSSA,Barnabé
130 ## - VEDETTE PRINCIPALE - TITRE UNIFORME
Language of a work Fr
245 ## - TITLE STATEMENT
Title Contribution à la mise en valeur de la plaine d'inondation du lac Toho à Kponou (S/P Athiémé, Département du Mono)
300 ## - PHYSICAL DESCRIPTION
Extent XIII-95 p.
300 ## - PHYSICAL DESCRIPTION
Other physical details ill., graph., tabl., 29 cm
502 ## - DISSERTATION NOTE
Dissertation note Thèse
520 ## - SUMMARY, ETC.
Summary, etc Cette étude conduite dans la plaine d'inondation du Lac Toho à Kponou a pour objectif de cpnnaître le fonctionnement hydrologique des plaines d'inondation de la sous-préfecture d'Athiémé en vue de leur mise en oeuvre, développer une méthodologie pour accroître la capacité des paysans en matière de valorisation des plaine d'inondation dans le cadre d'une gestion intégrée de leur terroir...
653 1# - INDEX TERM--UNCONTROLLED
Uncontrolled term Aménagement et Gestion de l'Environnement
650 ## - SUBJECT ADDED ENTRY--TOPICAL TERM
Topical term or geographic name as entry element LAC
650 ## - SUBJECT ADDED ENTRY--TOPICAL TERM
Topical term or geographic name as entry element INONDATION
651 ## - SUBJECT ADDED ENTRY--GEOGRAPHIC NAME
Geographic name KPONOU
651 ## - SUBJECT ADDED ENTRY--GEOGRAPHIC NAME
Geographic name ATHIEME
651 ## - SUBJECT ADDED ENTRY--GEOGRAPHIC NAME
Geographic name MONO
653 #1 - INDEX TERM--UNCONTROLLED
Uncontrolled term Aménagement et Gestion de l'Environnement (Génie rural, Eaux et Forêt, Pêche
651 ## - SUBJECT ADDED ENTRY--GEOGRAPHIC NAME
Geographic name BENIN
690 ## - LOCAL SUBJECT ADDED ENTRY--TOPICAL TERM (OCLC, RLIN)
Topical term or geographic name as entry element PLAINE D'INONDATION
690 ## - LOCAL SUBJECT ADDED ENTRY--TOPICAL TERM (OCLC, RLIN)
Topical term or geographic name as entry element LAC TOHO
710 ## - ADDED ENTRY--CORPORATE NAME
Corporate name or jurisdiction name as entry element <Abomey-Calavi>, <Université d'Abomey-Calavi>, <FAculté des Sciences Agronomiques>, <UAC>, <BJ>
Holdings
Withdrawn status Lost status Damaged status Not for loan Location (home branch) Sublocation or collection (holding branch) Date acquired Koha issues (times borrowed) Koha full call number Koha date last seen Copy number Price effective from Koha item type Public note
        Bibliothèque-Centre de Documentation de la Faculté des Sciences Agronomiques Bibliothèque-Centre de Documentation de la Faculté des Sciences Agronomiques 08/05/2005   A.8670.T.AGE.2001.009 28/02/2009 03 28/02/2009 Livre A.8635


© 2008, Bibliothèques de l'Université d'Abomey-Calavi

04 BP 789 Cotonou, Tél. : +229 21 36 01 01, Fax : +229 21 35 06 32

Courriel : bu@bu.uac.bj